000 00284nam a22001337a 4500
008 171002b xxu||||| |||| 00| 0 eng d
020 _a2900205485580
041 _aeng
080 _25TH
_a37
100 _a47
101 _aEDU
245 _aEDUCATION
_cNERGNEY,M.M
942 _2udc
_cBK
999 _c31120
_d31120